000 00994cam a2200313 i 4500
003 DO-SdBNP
005 20231009154353.0
007 ta
008 751003s1996 sp 001 f spa d
020 _a9788408119265
040 _aDO-SdBNP
_bspa
_cBNPHU
_erda
082 4 _bC548
_222
100 _aChomsky, Noam,
_d1928-
_95111
240 1 0 _aWorld orders old and new /
245 1 3 _aEl nuevo orden mundial :
_b(y el viejo) /
_cNoam Chomsky ; traducción Carme Castells
264 1 _aBarcelona, España :
_bPlaneta,
_c1996.
264 3 _c2016 4ta. reimpresión
300 _a386 páginas
_c19 cm.
336 _2rdacontent
_atexto
_btxt
337 _2rdamedia
_asin mediación
_bn
338 _2rdacarrier
_avolumen
_bnc
490 1 _aCrítica
490 1 _aAustral
_aHumanidades
_v820
500 _aIncluye datos biográficos del autor en la página 5.
590 _aInventariado, 2023/ YL
700 1 _aCastells, CArme
_etraducción
_984436
910 _aYlockward
942 _2ddc
_cLBS1
999 _c55130
_d55130